Boynextdoor's song by english lyrics - Statistics

General Stats
  • This quiz has been taken 332 times
  • The average score is 14 of 18
Answer Stats
Hint Answer % Correct
Hello world, this is BOYNEXTDOOR One and Only
95%
Mom and dad should not hear this song Dangerous
93%
Don't be such a wuss, Seoul is mine tonight Nice Guy
92%
Think I have amnesia, amnesia, yeah Amnesia
91%
A-B-C-D-E-F-G ABCDLOVE
89%
I'm crying like a baby, nobody knows Crying
87%
Baby, baby, rеady or not Earth, Wind and Fire
87%
I'll get along with your dad, for you Serenade
84%
Singing, laughing, life is short l i f e i s c o o l
80%
Sunsets don't mean a thing, yeah So let's go see the stars
75%
Why should I be nervous? I'm good OUR
71%
I swear you never regret it But Sometimes
70%
Hey, my girlfriend, come on over Nice Guy
70%
Ah, I'm going crazy, but But I Like You
69%
My youth is free 20
65%
L-O-V-E, hate this word Gonna be a rock
62%
I'll never love you again Dear. My Darling
53%
Love yourself, please Love your style, please Call me
50%
No matching quizzes found
Score Distribution
Percent of People with Each Score
Percentile by Number Answered
Your Score History
You have not taken this quiz